| 000 | 00000nam##2200000za#4500 |
| 001 | 9.570775 |
| 003 | CaOODSP |
| 005 | 20210624182414 |
| 007 | cr ||||||||||| |
| 008 | 150406|2007||||xxc|||||o f|0| 0 eng|d |
| 022 | |a1919-5087 |
| 040 | |aCaOODSP|beng |
| 043 | |an-cn--- |
| 086 | 1 |aFs70-6/2007-047E-PDF |
| 110 | 1 |aCanada. |bDepartment of Fisheries and Oceans. |bMaritimes Region. |
| 245 | 10|a2006 state of the ocean : |h[electronic resource]|bchemical and biological oceanographic conditions in the Gulf of Maine - Bay of Fundy and on the Scotian Shelf |
| 246 | 1 |aMaritimes/Gulf Regions - chemical and biological conditions |
| 260 | |aDartmouth - Nova Scotia : |bFisheries and Oceans Canada. |cJanuary 2008. |
| 300 | |a16p.|bcoloured maps, figs. (some coloured), graphs, illus., references |
| 490 | 1 |aCanadian Science Advisory Secretariat science advisory report|x1919-5087|v2007/047, Maritimes/Gulf Regions |
| 590 | |a11-20-Supp|b2011-09-29 |
| 775 | 08|tÉtat de l'océan en 2006 : |w(CaOODSP)9.601422 |
| 830 | #0|aScience advisory report (Canadian Science Advisory Secretariat)|x1919-5087|v2007/047, Maritimes/Gulf Regions|w(CaOODSP)9.506226 |
| 856 | 40|ahttp://publications.gc.ca|qPDF|s1.06 MB|uhttps://publications.gc.ca/collections/collection_2011/mpo-dfo/Fs70-6-2007-047-eng.pdf|y2007/047, Maritimes/Gulf Regions |